000 00407nam a22001457a 4500
003 OSt
005 20240304111601.0
008 240304b |||||||| |||| 00| 0 eng d
040 _c
082 _a510/KUM
_bKUM
245 _aEngineering Mathematics IV ( ECS)
_cKumbhojkar, G.V
250 _a2021
260 _bP.Jamnadas
_c2021
942 _2ddc
_cBK
_e2021
_h510/KUM
_iKUM
_k510
_mKUM
_n0
999 _c36045
_d36045